[Event "Madrid-chT Honor 2122"]
[Site "Madrid"]
[Date "2022.01.29"]
[Round "7.6"]
[White "Sanchez Millan, Eduardo"]
[Black "Armenteros Peral, Javier"]
[Result "1-0"]
[WhiteElo "2007"]
[BlackElo "1989"]
[PlyCount "65"]
[EventDate "2021.11.27"]
[EventType "team-tourn"]
[EventRounds "14"]
[EventCountry "ESP"]
[SourceTitle "EXT 2024"]
[Source "ChessBase"]
[SourceDate "2023.10.10"]
[SourceVersion "1"]
[SourceVersionDate "2023.10.10"]
[SourceQuality "1"]
[WhiteTeam "Alcala de Henares"]
[BlackTeam "Blanco y Negro"]
[WhiteTeamCountry "ESP"]
[BlackTeamCountry "ESP"]

1. d4 d5 2. c4 e6 3. Nc3 Nf6 4. cxd5 exd5 5. Bg5 Be7 6. e3 c6 7. Bd3 0-0 8. Qc2 h6 9. h4 Re8 10. Nf3 Ne4 11. Bxe7 Qxe7 12. Bxe4 dxe4 13. Nd2 f5 14. Ne2 Be6 15. Nf4 Bf7 16. h5 Nd7 17. 0-0-0 Nb6 18. g4 Nd5 19. gxf5 Nxf4 20. exf4 Qd6 21. Nf1 Qxf4+ 22. Ne3 a5 23. Kb1 Rad8 24. Rh3 Re7 25. Qc5 Red7 26. Rg1 Qxf2 27. Rhg3 Bd5 28. Ng4 Qxd4 29. Nxh6+ Kh8 30. Qxd4 Bxa2+ 31. Kxa2 Rxd4 32. Nf7+ Kg8 33. Rxg7+ 1-0

[Event "Guadalajara-chT"]
[Site "Guadalajara"]
[Date "2016.02.20"]
[Round "5.1"]
[White "Rodriguez Romero, Martin"]
[Black "Sanchez Millan, Eduardo"]
[Result "1-0"]
[WhiteElo "1788"]
[BlackElo "2040"]
[PlyCount "95"]
[EventDate "2016.01.23"]
[EventType "team-tourn"]
[EventRounds "9"]
[EventCountry "ESP"]
[SourceTitle "EXT 2017"]
[Source "ChessBase"]
[SourceDate "2016.10.25"]
[SourceVersion "1"]
[SourceVersionDate "2016.10.25"]
[SourceQuality "1"]
[WhiteTeam "Uned Guadalajara"]
[BlackTeam "Los Caballeros de Alcala"]
[WhiteTeamCountry "ESP"]
[BlackTeamCountry "ESP"]

1. e4 c5 2. Nc3 a6 3. g3 Nc6 4. Bg2 g6 5. d3 Bg7 6. Be3 Qa5 7. Qd2 Nf6 8. h3 d6 9. f4 e5 10. Nge2 Nd4 11. fxe5 dxe5 12. 0-0 0-0 13. Bg5 Nxe2+ 14. Qxe2 Nh5 15. Qf2 Be6 16. Be7 Rfe8 17. Bg5 Qc7 18. Rae1 Rac8 19. Kh2 b5 20. Bf3 b4 21. Nd5 Bxd5 22. exd5 f6 23. Bd2 Qd6 24. Bg2 f5 25. Bg5 c4 26. dxc4 Rxc4 27. g4 e4+ 28. Kg1 Ng3 29. Bf4 Be5 30. Qxg3 Rxc2 31. Bxe5 Qxe5 32. Qb3 Rxb2 33. Qc4 Kg7 34. gxf5 gxf5 35. Qxa6 Kh8 36. Re2 Rxe2 37. Qxe2 Qxd5 38. Qb2+ Qe5 39. Qxb4 f4 40. Re1 e3 41. a4 Rg8 42. Qb7 h5 43. Kf1 Qf6 44. Be4 Qg7 45. Qxg7+ Kxg7 46. a5 Kf6 47. a6 Ke5 48. Bb7 1-0

[Event "Guadalajara-chT"]
[Site "Guadalajara"]
[Date "2016.01.30"]
[Round "2.1"]
[White "De la Orden Alcocer, Alejandro"]
[Black "Sanchez Millan, Eduardo"]
[Result "1/2-1/2"]
[WhiteElo "2015"]
[BlackElo "2040"]
[PlyCount "124"]
[EventDate "2016.01.23"]
[EventType "team-tourn"]
[EventRounds "9"]
[EventCountry "ESP"]
[SourceTitle "EXT 2017"]
[Source "ChessBase"]
[SourceDate "2016.10.25"]
[SourceVersion "1"]
[SourceVersionDate "2016.10.25"]
[SourceQuality "1"]
[WhiteTeam "Azuqueca II"]
[BlackTeam "Los Caballeros de Alcala"]
[WhiteTeamCountry "ESP"]
[BlackTeamCountry "ESP"]

1. Nf3 Nf6 2. c4 e6 3. Nc3 d5 4. e3 c6 5. b3 Bd6 6. Bb2 Qe7 7. cxd5 exd5 8. Be2 Bg4 9. 0-0 h5 10. Nd4 a6 11. Qc2 Nbd7 12. Nf5 Bxf5 13. Qxf5 g6 14. Qc2 Bxh2+ 15. Kxh2 Ng4+ 16. Kh3 Qe6 17. Bxg4 hxg4+ 18. Kg3 Qe5+ 19. f4 gxf3+ 20. Kxf3 Qh5+ 21. Kf2 Qh4+ 22. g3 Qh2+ 23. Ke1 Qxg3+ 24. Kd1 Rh1 25. Qd3 Ne5 26. Qe2 Rh2 27. Qe1 Qg4+ 28. Kc2 Nf3 29. Rxf3 Qxf3 30. Qg1 Rf2 31. Qg5 Qf5+ 32. Qxf5 Rxf5 33. Rg1 0-0-0 34. Ne2 c5 35. Rg4 Rf2 36. Nf4 b6 37. Bf6 Rd7 38. a4 Rb7 39. Bh4 Rf1 40. Nd3 c4 41. bxc4 Rc7 42. Nb2 b5 43. axb5 axb5 44. d3 bxc4 45. dxc4 dxc4 46. Nxc4 f5 47. Rd4 Rg1 48. Kd3 Rd1+ 49. Nd2 Rh1 50. Bf6 Rf7 51. Bg5 Rg1 52. Nf3 Rd1+ 53. Nd2 Kc7 54. Ke2 Ra1 55. Kf3 Rd7 56. Rxd7+ Kxd7 57. Kf4 Ke8 58. Nf3 Ra4+ 59. Kg3 Rg4+ 60. Kf2 Kf7 61. Bf4 Ke6 62. Ne5 Rxf4+ 1/2-1/2

[Event "Guadalajara-chT"]
[Site "Guadalajara"]
[Date "2016.01.23"]
[Round "1.1"]
[White "Sanchez Millan, Eduardo"]
[Black "Torija Carretero, Valentin"]
[Result "1-0"]
[WhiteElo "2040"]
[BlackElo "2076"]
[PlyCount "81"]
[EventDate "2016.01.23"]
[EventType "team-tourn"]
[EventRounds "9"]
[EventCountry "ESP"]
[SourceTitle "EXT 2017"]
[Source "ChessBase"]
[SourceDate "2016.10.25"]
[SourceVersion "1"]
[SourceVersionDate "2016.10.25"]
[SourceQuality "1"]
[WhiteTeam "Los Caballeros de Alcala"]
[BlackTeam "Uned Promesas"]
[WhiteTeamCountry "ESP"]
[BlackTeamCountry "ESP"]

1. d4 Nf6 2. Nf3 e6 3. c4 c5 4. d5 exd5 5. cxd5 d6 6. Nc3 g6 7. e4 Bg7 8. Bb5+ Nfd7 9. Bf4 Qe7 10. 0-0 0-0 11. Qd2 a6 12. Bd3 b5 13. Rfe1 Ne5 14. Nxe5 Bxe5 15. Bxe5 Qxe5 16. f4 Qd4+ 17. Qe3 Qxe3+ 18. Rxe3 c4 19. Bf1 Nd7 20. a4 Rb8 21. axb5 axb5 22. e5 dxe5 23. fxe5 Nc5 24. Ra5 Bd7 25. Bxc4 Nb7 26. Rxb5 Bxb5 27. Nxb5 Rfc8 28. b3 Na5 29. Nd6 Nxc4 30. bxc4 Rc7 31. Rc3 Rb2 32. Ra3 h5 33. h4 Rb8 34. Rc3 Rb2 35. c5 Ra7 36. c6 Ra1+ 37. Kh2 Raa2 38. c7 Rxg2+ 39. Kh3 Rh2+ 40. Kg3 Rag2+ 41. Kf3 1-0

[Event "Madrid Oliver Gonzalez Memorial 1st"]
[Site "Madrid"]
[Date "2010.10.15"]
[Round "7"]
[White "Sanchez Millan, Eduardo"]
[Black "Vazquez Torres, Adrian"]
[Result "0-1"]
[WhiteElo "2000"]
[BlackElo "2160"]
[PlyCount "136"]
[EventDate "2010.10.09"]
[EventType "swiss"]
[EventRounds "9"]
[EventCountry "ESP"]
[SourceTitle "CBM 138 Extra"]
[Source "ChessBase"]
[SourceDate "2010.10.29"]
[SourceVersion "1"]
[SourceVersionDate "2010.10.29"]
[SourceQuality "1"]

1. d4 Nf6 2. c4 e5 3. dxe5 Ne4 4. a3 Nc6 5. Nf3 d6 6. Nbd2 Nxd2 7. Bxd2 dxe5 8. Bc3 f6 9. Qc2 Be6 10. e3 Qd7 11. Rd1 Qf7 12. Bd3 0-0-0 13. Qa4 Rxd3 14. Rxd3 e4 15. Rd2 exf3 16. gxf3 Bxc4 17. Rg1 Bc5 18. Qc2 Bb6 19. Qf5+ Kb8 20. Rd7 Qe8 21. Rdxg7 Bxe3 22. Qe4 Bh6 23. Bxf6 Bxg7 24. Rxg7 Bd5 25. Qxe8+ Rxe8+ 26. Kd2 Bxf3 27. Rxh7 a5 28. Rh8 Rxh8 29. Bxh8 Kc8 30. Ke3 Bh5 31. Kf4 Kd7 32. Kg5 Bf3 33. h4 Ke6 34. Kf4 Bd1 35. Ke4 Bc2+ 36. Kf4 Bd1 37. Ke4 Ne7 38. Bc3 a4 39. Bd2 Nd5 40. Bg5 c5 41. Bh6 Bc2+ 42. Kf3 Kf5 43. Bg7 Bd1+ 44. Kg3 Nf4 45. Bf8 Nd3 46. Bg7 b5 47. f3 b4 48. axb4 cxb4 49. Bd4 Ne5 50. h5 Nxf3 51. h6 Kg6 52. Bg7 Ng5 53. Kf2 Ne6 54. Be5 Kxh6 55. Ke1 Bf3 56. Kd2 b3 57. Ke3 Bd5 58. Bd6 Kg6 59. Be5 Kf5 60. Bd6 Be4 61. Ba3 Ke5 62. Bb4 Kd5 63. Bc3 Bg6 64. Bf6 Kc4 65. Be5 Nc5 66. Bg7 Ne4 67. Bf8 Nc3 68. Kd2 a3 0-1

[Event "Madrid Oliver Gonzalez Memorial 1st"]
[Site "Madrid"]
[Date "2010.10.10"]
[Round "2"]
[White "Sanchez Millan, Eduardo"]
[Black "Garcia Ines Sanchez, Gustavo"]
[Result "1-0"]
[WhiteElo "2000"]
[BlackElo "1685"]
[PlyCount "85"]
[EventDate "2010.10.09"]
[EventType "swiss"]
[EventRounds "9"]
[EventCountry "ESP"]
[SourceTitle "CBM 138 Extra"]
[Source "ChessBase"]
[SourceDate "2010.10.29"]
[SourceVersion "1"]
[SourceVersionDate "2010.10.29"]
[SourceQuality "1"]

1. d4 Nf6 2. c4 g6 3. Nc3 Bg7 4. e4 d6 5. f3 0-0 6. Be3 Nbd7 7. Qd2 Re8 8. Nge2 a6 9. Ng3 c5 10. d5 Ne5 11. h4 h5 12. Bh6 Bh8 13. Be2 Bd7 14. 0-0 Rb8 15. a4 Qa5 16. f4 Neg4 17. Bxg4 Nxg4 18. f5 Bd4+ 19. Kh1 Kh7 20. fxg6+ fxg6 21. Rf7+ Kg8 22. Raf1 Nf6 23. Rg7+ Kh8 24. Qg5 Rg8 25. Rxe7 Qd8 26. Rf7 Nh7 27. Qe7 Qxe7 28. Rxe7 Nf6 29. Bg5 Rbd8 30. Rxf6 Rg7 31. Rxg7 Kxg7 32. Rxd6 Be5 33. Bxd8 Bxd6 34. Nge2 Bg4 35. Kg1 Be5 36. Bb6 Bd6 37. e5 Bxe5 38. Bxc5 Bxe2 39. Nxe2 Bxb2 40. Bd4+ Bxd4+ 41. Nxd4 Kf6 42. Kf2 Ke5 43. Ke3 1-0

[Event "Madrid-ch sf-B"]
[Site "Madrid"]
[Date "2010.01.23"]
[Round "7"]
[White "Tirado Parra, Alberto"]
[Black "Sanchez Millan, Eduardo"]
[Result "0-1"]
[WhiteElo "1957"]
[BlackElo "1978"]
[PlyCount "42"]
[EventDate "2010.01.08"]
[EventType "swiss"]
[EventRounds "9"]
[EventCountry "ESP"]
[SourceTitle "CBM 134 Extra"]
[Source "ChessBase"]
[SourceDate "2010.03.03"]
[SourceVersion "1"]
[SourceVersionDate "2010.03.03"]
[SourceQuality "1"]

1. e4 c5 2. Nf3 d6 3. d4 cxd4 4. Nxd4 Nf6 5. Nc3 a6 6. f4 Qc7 7. Be3 b5 8. Bd3 Bb7 9. Qf3 Nbd7 10. a3 g6 11. 0-0 Bg7 12. g4 e5 13. Nb3 exf4 14. Qxf4 0-0 15. Qg5 h6 16. Qh4 g5 17. Qg3 Rae8 18. Qf3 Ne5 19. Qg3 Nfxg4 20. Nd4 Nxe3 21. Qxe3 Ng4 0-1

[Event "Madrid-ch sf-B"]
[Site "Madrid"]
[Date "2010.01.14"]
[Round "3"]
[White "Sanchez Millan, Eduardo"]
[Black "Ramirez Garcia, Jorge Alberto"]
[Result "0-1"]
[WhiteElo "1978"]
[BlackElo "2176"]
[PlyCount "102"]
[EventDate "2010.01.08"]
[EventType "swiss"]
[EventRounds "9"]
[EventCountry "ESP"]
[SourceTitle "CBM 134 Extra"]
[Source "ChessBase"]
[SourceDate "2010.03.03"]
[SourceVersion "1"]
[SourceVersionDate "2010.03.03"]
[SourceQuality "1"]

1. d4 d5 2. c4 e6 3. Nc3 Nf6 4. Nf3 c6 5. cxd5 exd5 6. Bg5 h6 7. Bh4 Bf5 8. Rc1 Nbd7 9. Qb3 Qb6 10. e3 Qxb3 11. axb3 g5 12. Bg3 Nh5 13. Be2 Be7 14. Bc7 Ng7 15. h3 Ne6 16. Bh2 h5 17. 0-0 f6 18. Rfe1 Kf7 19. e4 dxe4 20. Nd2 Nxd4 21. Bc4+ Ne6 22. Ndxe4 b5 23. Bd3 Bh7 24. b4 Bxb4 25. Bb1 Rhd8 26. Ba2 Ndf8 27. Re3 Kg7 28. Rf3 Bxc3 29. Nxc3 Nd4 30. Re3 Re8 31. Rce1 Bg6 32. Re7+ Kh6 33. f4 Nf5 34. fxg5+ fxg5 35. Rxe8 Rxe8 36. Rd1 b4 37. Na4 Re2 38. Bd6 Nh7 39. Bxb4 Re4 40. Bc3 Rxa4 41. Bb3 Re4 42. Bc2 Re2 43. Bxf5 Bxf5 44. Rd6+ Re6 45. Rd8 a6 46. Kf2 Nf6 47. Bb4 Nd5 48. Bd2 Bg6 49. g4 hxg4 50. hxg4 Bb1 51. Ba5 Re4 0-1

[Event "Madrid-ch Previa-B"]
[Site "Madrid"]
[Date "2009.11.28"]
[Round "9"]
[White "Garcia Serrano, Jose Manuel"]
[Black "Sanchez Millan, Eduardo"]
[Result "1-0"]
[WhiteElo "1902"]
[BlackElo "1976"]
[PlyCount "73"]
[EventDate "2009.11.05"]
[EventType "swiss"]
[EventRounds "9"]
[EventCountry "ESP"]
[SourceTitle "CBM 133 Extra"]
[Source "ChessBase"]
[SourceDate "2010.01.05"]
[SourceVersion "1"]
[SourceVersionDate "2010.01.05"]
[SourceQuality "1"]

1. e4 c5 2. d4 cxd4 3. c3 Nf6 4. e5 Nd5 5. cxd4 e6 6. Nc3 Nxc3 7. bxc3 d6 8. exd6 Bxd6 9. Nf3 Nc6 10. Bd3 h6 11. 0-0 0-0 12. Re1 Qc7 13. h3 e5 14. Bd2 exd4 15. cxd4 Be6 16. Rc1 Bxa2 17. Bxh6 gxh6 18. Nh4 f5 19. Nxf5 Rxf5 20. Bxf5 Bd5 21. Qg4+ Kh8 22. Qg6 Qg7 23. Re8+ Rxe8 24. Qxe8+ Qg8 25. Re1 a5 26. g4 Qxe8 27. Rxe8+ Kg7 28. Be6 Bf3 29. d5 Nb4 30. Rd8 a4 31. Rxd6 a3 32. Rd7+ Kf6 33. Rf7+ Ke5 34. Rxf3 a2 35. Ra3 b5 36. f4+ Kd6 37. f5 1-0

[Event "Madrid-ch Previa-B"]
[Site "Madrid"]
[Date "2009.11.14"]
[Round "5"]
[White "Martin Duque, Jesus"]
[Black "Sanchez Millan, Eduardo"]
[Result "1-0"]
[WhiteElo "2020"]
[BlackElo "1976"]
[PlyCount "49"]
[EventDate "2009.11.05"]
[EventType "swiss"]
[EventRounds "9"]
[EventCountry "ESP"]
[SourceTitle "CBM 133 Extra"]
[Source "ChessBase"]
[SourceDate "2010.01.05"]
[SourceVersion "1"]
[SourceVersionDate "2010.01.05"]
[SourceQuality "1"]

1. e4 c5 2. Nf3 d6 3. d4 cxd4 4. Nxd4 Nf6 5. Nc3 g6 6. Be3 Bg7 7. f3 Nc6 8. Qd2 Bd7 9. 0-0-0 Rc8 10. Kb1 0-0 11. g4 Ne5 12. h4 b5 13. h5 b4 14. Nd5 Nxd5 15. exd5 Qa5 16. Bh6 Bf6 17. Bxf8 Kxf8 18. g5 Bg7 19. hxg6 hxg6 20. Rh7 f6 21. gxf6 Bxf6 22. Qh6+ Ke8 23. Ne6 Bxe6 24. dxe6 Kd8 25. Qf8+ 1-0

[Event "Madrid-ch Previa-B"]
[Site "Madrid"]
[Date "2009.11.05"]
[Round "1"]
[White "Sanz Morinigo, Francisco Javier"]
[Black "Sanchez Millan, Eduardo"]
[Result "0-1"]
[WhiteElo "1736"]
[BlackElo "1976"]
[PlyCount "134"]
[EventDate "2009.11.05"]
[EventType "swiss"]
[EventRounds "9"]
[EventCountry "ESP"]
[SourceTitle "CBM 133 Extra"]
[Source "ChessBase"]
[SourceDate "2010.01.05"]
[SourceVersion "1"]
[SourceVersionDate "2010.01.05"]
[SourceQuality "1"]

1. e4 c5 2. Nf3 d6 3. d4 cxd4 4. Nxd4 Nf6 5. Nc3 g6 6. Be3 Bg7 7. Qd2 Nc6 8. f3 h5 9. Be2 Bd7 10. 0-0 Ne5 11. Nd5 Nxd5 12. exd5 Rc8 13. Rac1 Nc4 14. Bxc4 Rxc4 15. b3 Rc8 16. c4 0-0 17. Bh6 Bxh6 18. Qxh6 b5 19. Ne6 Bxe6 20. dxe6 bxc4 21. bxc4 Qb6+ 22. Kh1 Qd4 23. Rfd1 Qg7 24. exf7+ Kxf7 25. Qe3 Rc5 26. Rd5 Rfc8 27. Re1 Qf6 28. Rxc5 Rxc5 29. Rd1 Qe6 30. Qf4+ Ke8 31. Rc1 Qe2 32. Qe4 Qxe4 33. fxe4 Kd7 34. Kg1 Ke6 35. Kf2 Ke5 36. Ke3 Ra5 37. Rc3 Rxa2 38. c5 dxc5 39. Rxc5+ Kf6 40. Kf3 a5 41. h3 a4 42. g4 hxg4+ 43. hxg4 a3 44. g5+ Kf7 45. Ra5 Ra1 46. Kg2 a2 47. Kh2 Ke8 48. Ra7 e5 49. Kg2 Kd8 50. Kh2 Kc8 51. Kg2 Kb8 52. Ra5 Kc7 53. Kh2 Kc6 54. Kg2 Kb6 55. Ra8 Kc5 56. Ra4 Kb5 57. Ra8 Kc4 58. Kh2 Kd3 59. Ra4 Ke3 60. Kg2 Kf4 61. Kh2 Kxg5 62. Ra6 Kf4 63. Ra4 Ke3 64. Kg2 Kd3 65. Kh2 Kc3 66. Ra6 Rb1 67. Rc6+ Kd4 0-1

[Event "Madrid Villaverde op 11th"]
[Site "Madrid"]
[Date "2009.07.02"]
[Round "4"]
[White "Sanchez Millan, Eduardo"]
[Black "Sotoca Aguado, Jose"]
[Result "1-0"]
[WhiteElo "1914"]
[BlackElo "2038"]
[PlyCount "82"]
[EventDate "2009.06.29"]
[EventType "swiss"]
[EventRounds "9"]
[EventCountry "ESP"]
[SourceTitle "EXT 2010"]
[Source "ChessBase"]
[SourceDate "2010.11.25"]
[SourceVersion "1"]
[SourceVersionDate "2010.11.25"]
[SourceQuality "1"]

1. d4 d5 2. c4 e6 3. Nc3 Nf6 4. Nf3 c6 5. g3 Nbd7 6. Bg2 Be7 7. 0-0 0-0 8. cxd5 exd5 9. Qc2 Re8 10. Rd1 Nf8 11. Ne5 Bd6 12. e4 dxe4 13. Nxe4 Nxe4 14. Bxe4 Qe7 15. Re1 Be6 16. Bd2 Rad8 17. Bc3 f6 18. Nxc6 bxc6 19. Bxc6 Qf7 20. Bxe8 Rxe8 21. Qa4 Qd7 22. Qxd7 Bxd7 23. Rxe8 Bxe8 24. b4 Bc6 25. d5 Ba4 26. a3 Kf7 27. Bd4 a6 28. Rc1 Nd7 29. Rc8 Be5 30. Bc5 Bb2 31. Ra8 Bb5 32. a4 Bc4 33. Rd8 Ne5 34. f4 Nd3 35. Rf8+ Kg6 36. d6 Be6 37. Be3 Nxb4 38. Re8 Bf5 39. Rb8 Bc3 40. Rb7 Nd5 41. Kf2 Be1+ 1-0

[Event "Madrid Anticrisis op"]
[Site "Madrid"]
[Date "2009.03.24"]
[Round "7"]
[White "Sanchez Millan, Eduardo"]
[Black "Vallejo Nuno, Jorge"]
[Result "1/2-1/2"]
[WhiteElo "1915"]
[BlackElo "2003"]
[PlyCount "92"]
[EventDate "2009.03.03"]
[EventType "swiss"]
[EventRounds "9"]
[EventCountry "ESP"]
[SourceTitle "CBM 129 Extra"]
[Source "ChessBase"]
[SourceDate "2009.05.05"]
[SourceVersion "2"]
[SourceVersionDate "2009.05.20"]
[SourceQuality "1"]

1. d4 Nf6 2. Nf3 d5 3. c4 e6 4. Nc3 c6 5. e3 Bd6 6. Be2 Nbd7 7. 0-0 0-0 8. Qc2 Qe7 9. e4 dxe4 10. Nxe4 Nxe4 11. Qxe4 f5 12. Qc2 e5 13. c5 Bc7 14. Bg5 Qe8 15. dxe5 Nxe5 16. Rfe1 Nxf3+ 17. Bxf3 Be6 18. Re2 Qf7 19. Rae1 Rfe8 20. b4 h6 21. Bd2 g5 22. g3 Bd7 23. Bc1 Rxe2 24. Rxe2 Re8 25. Bb2 Rxe2 26. Bxe2 Kh7 27. Qc3 Qf8 28. Bh5 Be6 29. Qd4 Bd8 30. a4 Be7 31. Qe5 Bd7 32. Bd4 Bd8 33. h3 Be7 34. Be2 Kg6 35. g4 Bf6 36. gxf5+ Bxf5 37. Bh5+ Kxh5 38. Qxf5 Bg7 39. Qg4+ Kg6 40. Qe4+ Kf7 41. b5 Bxd4 42. Qxd4 Qe8 43. b6 a6 44. Qd6 Qe1+ 45. Kg2 Qe4+ 46. Kg3 Qh4+ 1/2-1/2

[Event "Madrid Anticrisis op"]
[Site "Madrid"]
[Date "2009.03.12"]
[Round "4"]
[White "Ruiz Quevedo, Andres"]
[Black "Sanchez Millan, Eduardo"]
[Result "0-1"]
[WhiteElo "1889"]
[BlackElo "1915"]
[PlyCount "62"]
[EventDate "2009.03.03"]
[EventType "swiss"]
[EventRounds "9"]
[EventCountry "ESP"]
[SourceTitle "CBM 129 Extra"]
[Source "ChessBase"]
[SourceDate "2009.05.05"]
[SourceVersion "2"]
[SourceVersionDate "2009.05.20"]
[SourceQuality "1"]

1. c4 Nf6 2. Nf3 e6 3. g3 d5 4. Bg2 b6 5. 0-0 Bb7 6. Ne5 Be7 7. Qa4+ c6 8. d4 0-0 9. Nc3 a6 10. Bf4 b5 11. cxb5 cxb5 12. Qc2 Qb6 13. a4 b4 14. a5 Qxd4 15. Na4 Rc8 16. Qb3 Nbd7 17. Rad1 Qa7 18. Nd3 Rc4 19. Be3 Qb8 20. Rc1 Qc7 21. Nb6 Nxb6 22. axb6 Qc8 23. Ne5 Rxc1 24. Rxc1 Qe8 25. Rc7 Rb8 26. Qc2 Bd6 27. Nd3 Bxc7 28. bxc7 Rc8 29. Nxb4 Qb5 30. Nd3 Ne8 31. Bf4 Nxc7 0-1

[Event "Patrimonio op 2nd"]
[Site "Alcala de Henares"]
[Date "2007.10.07"]
[Round "1"]
[White "Fedorchuk, Sergey A"]
[Black "Sanchez Millan, Eduardo"]
[Result "1-0"]
[WhiteElo "2645"]
[BlackElo "1976"]
[PlyCount "69"]
[EventDate "2007.10.07"]
[EventType "swiss"]
[EventRounds "9"]
[EventCountry "ESP"]
[SourceTitle "EXT 2008"]
[Source "ChessBase"]
[SourceDate "2007.11.25"]
[SourceVersion "1"]
[SourceVersionDate "2007.11.25"]
[SourceQuality "1"]

1. e4 c5 2. Nf3 d6 3. d4 cxd4 4. Nxd4 Nf6 5. Nc3 a6 6. a4 g6 7. Be2 Bg7 8. 0-0 0-0 9. Be3 Nbd7 10. Qd2 Ne5 11. h3 Qc7 12. Nd5 Nxd5 13. exd5 Bd7 14. b3 Be8 15. a5 Nd7 16. c4 Nc5 17. Rab1 Ne4 18. Qd3 Nc5 19. Qd2 Ne4 20. Qc2 Nf6 21. b4 Rc8 22. Rfc1 Qd8 23. Qa2 Bd7 24. c5 dxc5 25. bxc5 Bb5 26. Nxb5 axb5 27. Bf3 Qd7 28. c6 bxc6 29. dxc6 Qf5 30. Rc5 e5 31. Rbxb5 Rfe8 32. a6 h5 33. a7 g5 34. c7 g4 35. a8Q 1-0

[Event "Patrimonio op 1st"]
[Site "Alcala de Henares"]
[Date "2006.10.11"]
[Round "5"]
[White "Sanchez Millan, Eduardo"]
[Black "Valbuena Mota, Alejandro"]
[Result "0-1"]
[WhiteElo "1985"]
[BlackElo "2119"]
[PlyCount "38"]
[EventDate "2006.10.07"]
[EventType "swiss"]
[EventRounds "9"]
[EventCountry "ESP"]
[SourceTitle "CBM 114 Extra"]
[Source "ChessBase"]
[SourceDate "2006.11.03"]
[SourceVersion "1"]
[SourceVersionDate "2006.11.03"]
[SourceQuality "1"]

1. Nf3 Nf6 2. d4 e6 3. c4 b6 4. g3 Ba6 5. Qc2 c5 6. Bg2 Bb7 7. 0-0 Nc6 8. Rd1 cxd4 9. Nxd4 Nxd4 10. Rxd4 Bxg2 11. Kxg2 Bc5 12. Rd3 Ng4 13. b4 Bxb4 14. Bb2 0-0 15. Bxg7 Kxg7 16. Qb2+ Qf6 17. Qxb4 Qxf2+ 18. Kh3 f5 19. Rxd7+ Kg6 0-1